Statistiques concernant Super Mario Odyssey- Pays du Lac

Cliquez ici pour prendre le quiz!

Statistiques générales

  • Ce quiz a été pris 5 fois
  • Le résultat moyen est 3 sur 7

Statistiques - réponses

Aperçu régionalRéponses% Correct
PopulationMoyenne
80%
MonnaieÉcailles
60%
TempératureMoyenne de 26°C
40%
Création
20%
TailleLimitée
20%
HabitantsRobelaises
20%
IndustrieVêtements
20%

Distribution des résultats

Percentile par nombre de réponses

% des personnes avec chaque résultat

Votre développement - résultats

Vous n’avez pas pris ce quiz